The shrimp people

Bibliographic Details
Main Author: Shelley, Rex
Format: Book
Published: Singapore : Time Borks International , 1991

MARC

LEADER 00000cam a2200000 7i4500
001 0000009097
002 000009909
005 20000330.0
020 |a 981204292X 
090 0 0 |a F   |b SHE 
100 1 |a Shelley, Rex 
245 1 4 |a The shrimp people   |c Rex Shelley 
260 |a Singapore :   |b Time Borks International ,   |c 1991 
300 |a 478p. ;   |c 21cm. 
999 |a 027890   |b BUKU   |c PINJAMAN   |e PERPUSTAKAAN KOMUNITI PETALING JAYA